Metrologické aspekty realizácie vlhkostného poľa potrebného pre odovzdávanie hodnoty jednotiek veličín charakterizujúcich vlhkosť vzduchu autoreferát dizertačnej práce

Bibliographic Details
Other Authors: Krovina, Adam (Dissertant)
Format: Thesis Book
Language:Slovak
PhysicalDescription:23 strán fotografie, grafy, schémy 21 cm
Published: Bratislava Spektrum STU 2018
ISBN:9788022748162
Edition:Vydanie prvé, nepredajné
Series:Edícia kvalifikačných prác
Subjects:

MARC

LEADER 00000nam a2200000 4500
001 vtls011838366
003 SK-MaSNL
005 20260331211713.0
008 200228s2018 xo ol f abm 000 0 slo
015 |a SNBA2019/03 
020 |a 9788022748162  |q (brožované) 
035 |a urn:nbn:sk:snk-am00dclu 
035 |a urn:nbn:sk:snk-am3hxlk 
035 |a D471DB8F-45C1-4B03-9BF5-5E85B75FB33B 
040 |a SNK  |b slo  |c SNK  |e rda 
041 0 |a slo  |b eng 
044 |a xo  |c SK 
072 7 |a 621  |x Strojárstvo  |2 konspekt 
080 |a 551.571  |2 2011 
080 |a 681.586  |2 2011 
080 |a 53.089.6  |2 2011 
080 |a (043.3)  |2 2011 
080 |a (048.3)  |2 2011 
100 1 |a Krovina, Adam  |4 dis  |9 500313 
245 1 0 |a Metrologické aspekty realizácie vlhkostného poľa potrebného pre odovzdávanie hodnoty jednotiek veličín charakterizujúcich vlhkosť vzduchu  |b autoreferát dizertačnej práce  |c Adam Krovina 
250 |a Vydanie prvé, nepredajné 
264 1 |a Bratislava  |b Spektrum STU  |c 2018 
300 |a 23 strán  |b fotografie, grafy, schémy  |c 21 cm 
336 |a text  |b txt  |2 rdacontent 
337 |a bez média  |b n  |2 rdamedia 
338 |a zväzok  |b nc  |2 rdacarrier 
366 |e 50 kusov 
490 1 |a Edícia kvalifikačných prác 
500 |a Študijný program: Metrológia, študijný odbor: 5.2.55 Metrológia 
500 |a Publikačná činnosť autora 
502 |a Autoreferát dizertačnej práce (PhD.)--Slovenská technická univerzita v Bratislave, Strojnícka fakulta 2018 
504 |a Bibliografia na strane 22-23 
546 |a Anglický abstrakt 
650 0 7 |a vlhkosť vzduchu  |2 SNKPH  |9 21547 
650 0 7 |a senzory  |2 SNKPH  |9 69606 
650 0 7 |a kalibrácia  |2 SNKPH  |9 20959 
650 0 7 |a Humidity  |2 SNKPHeng  |9 351311 
650 0 7 |a Sensors  |2 SNKPHeng  |9 317743 
650 0 7 |a Calibration  |2 SNKPHeng  |9 326322 
655 7 |a dizertácie  |2 SNKPH  |9 70277 
655 7 |a autoreferáty  |2 SNKPH  |9 70546 
655 7 |a Dissertations  |2 SNKPHeng  |9 303036 
655 7 |a Autoabstracts  |2 SNKPHeng  |9 238326 
710 2 |a Slovenská technická univerzita v Bratislave.  |b Strojnícka fakulta  |4 pbl  |9 176081 
810 2 |a Slovenská technická univerzita v Bratislave.  |b Strojnícka fakulta  |t Edícia kvalifikačných prác  |9 184599 
919 |a 978-80-227-4816-2 
958 |a NB 
999 |c 773539  |d 775469 
952 |a SNK  |b SNK  |y PREZ  |7 0  |p 17A1353817  |o snkSC 182744  |i snk2019/2905  |8 0  |0 0  |1 0  |4 0  |d 2019-01-31  |f 1  |l 0  |r 2026-02-24 00:41:48  |w 2026-02-24 
952 |a SNK  |b SNK  |y VYP  |7 0  |p 17A1353818  |o snkSC 182744 D1  |i snk2019/2906  |8 0  |0 0  |1 0  |4 0  |d 2019-01-31  |l 0  |r 2026-02-24 00:41:48  |w 2026-02-24